00604 2200217 4500001002100000005001700021008004100038035002400079082000800103090001500111100001700126245011100143260002800254300002500282650001500307850001500322980001300337985000600350999001500356999001500371YOGYA-0209000001093720090227022102.0 ind  0010-020900000010937 a307 a307bHut M aHUTAHURUK, M aMenuju terwujudnya suatu masyarakat adil dan makmur di Republik Indonesia tahun 2000 ancoleh M. Hutahuruk aJakartabErlanggac1987 a101 hlmbilusc21 cm aMasyarakat aYOPDYOG(B) a1-8-2005 a2 a94P0054455 a94P0054456